000
00228nam a22000857a 4500
008
170607b xxu||||| |||| 00| 0 eng d
100
_9
3314
_a
Prabhakar. V
245
_a
Story of Swarjaya
260
_a
New Delhi
_b
National Book Trust
_c
2004
999
_c
6633
_d
6633